000 01831nam a2200253Ia 4500
008 260220t1979||||xx |||||||||||||| ||spa||
040 _aPY-SlUNAC
_bspa
_erda
041 _aspa
082 _a634.98
_bB434b
100 _aBene, J. G.
_eAutor
245 0 _aEl bosque tropical sobreexplotado y subutilizado /
_cpor J. G. Bene [Autor] y Beall A. Coté [Autor]
264 _aBogotá :
_bCIID,
_c℗1979.
300 _a1 volumen
520 _aEl libro "El bosque tropical sobreexplotado y subutilizado" de J. G. Bene, publicado en 1979, ofrece un análisis exhaustivo de la situación de los bosques tropicales, enfocándose en las implicaciones de su sobreexplotación y el potencial de su uso sostenible. Bene examina las prácticas de explotación maderera y la deforestación, resaltando sus efectos negativos sobre la biodiversidad y los ecosistemas. A través de un enfoque multidisciplinario, el autor propone estrategias de manejo forestal que buscan equilibrar las necesidades económicas de las comunidades locales con la conservación ambiental. Se discuten alternativas de uso, como la reforestación y la agroforestería, que pueden contribuir a la sostenibilidad de estos recursos. Además, el texto subraya la importancia de políticas públicas efectivas y la participación comunitaria en la conservación del bosque tropical. En conjunto, el libro es un llamado a la acción para proteger estos ecosistemas vitales y promover un desarrollo más responsable y equilibrado.
653 _aBosques tropicales
653 _aConservación del medio ambiente
653 _aExplotación de recursos naturales
700 _aCoté, Beall A.
_eAutor
942 _b2026/02/17
_cBK
999 _c8691
_d8691